| 000 | 00527nam a22002057a 4500 | ||
|---|---|---|---|
| 003 | OSt | ||
| 005 | 20140410081246.0 | ||
| 008 | 130629t xxu||||| |||| 00| 0 eng d | ||
| 020 | _a9716300425 | ||
| 050 |
_aPN 6071 _b.P346 2005 |
||
| 082 |
_aFIL 899.2103 _bB59 1996 |
||
| 245 |
_aThe Hippo Not Amus / _cTony and Jan Payne, |
||
| 260 |
_aManila : _bTahanan Books for Young Readers, _c1996. |
||
| 300 |
_a80 p. : _c20 cm. : |
||
| 521 | _aG4 | ||
| 526 | _c600 | ||
| 942 |
_2lcc _cBK |
||
| 999 |
_c34722 _d34722 |
||